[Event "Guelph Pro-Am int."]
[Site "Guelph CAN"]
[Date "2003.08.05"]
[Round "2"]
[White "Legky, Nikolay"]
[Black "Roussel-Roozmon, Thomas"]
[Result "0-1"]
[WhiteElo "2547"]
[BlackElo "2307"]
[PlyCount "144"]
[EventDate "2003.08.04"]
[EventType "swiss"]
[EventRounds "9"]
[EventCountry "CAN"]
[Source "CFC"]
[SourceDate "2003.10.??"]

1. d4 Nf6 2. Nf3 e6 3. Bg5 h6 4. Bh4 g5 5. Bg3 Nh5 6. e4 Nxg3 7. hxg3 Bg7 8. c3
d6 9. Nbd2 Nc6 10. Bd3 Qe7 11. Qb3 b6 12. Bb5 Bd7 13. Qc4 Na5 14. Bxd7+ Qxd7
15. Qe2 c5 16. d5 exd5 17. exd5+ Qe7 18. a4 f5 19. Qxe7+ Kxe7 20. O-O-O Rhe8
21. Nh2 Kf7 22. g4 fxg4 23. Nxg4 Kg6 24. Rhe1 a6 25. Kc2 h5 26. Ne3 Nb7 27. g4
h4 28. Nf5 b5 29. f4 gxf4 30. Nxh4+ Kf7 31. Nf5 Be5 32. Re2 Rh8 33. Ne4 Rag8
34. g5 Re8 35. g6+ Kxg6 36. Rg1+ Kf7 37. Reg2 Rh5 38. Ng7 f3 39. Rf2 Rg8 40.
Rxf3+ Ke7 41. Nxh5 Rxg1 42. axb5 axb5 43. Nhg3 Rg2+ 44. Kc1 Rg1+ 45. Kc2 Rg2+
46. Kb1 b4 47. Nf5+ Kd7 48. Ne3 Re2 49. Ng3 Bxg3 50. Rxg3 bxc3 51. bxc3 Na5 52.
Nf5 Nc4 53. Rg7+ Kd8 54. Rg4 Re5 55. Ng7 Ne3 56. Rg5 Rxg5 57. Ne6+ Ke7 58. Nxg5
Nxd5 59. Kc2 Kf6 60. Ne4+ Ke5 61. Nd2 Nf4 62. Nc4+ Kd5 63. Nb6+ Ke4 64. Nd7 Ke3
65. Nf6 d5 66. Nd7 c4 67. Ne5 Nd3 68. Nc6 Ne1+ 69. Kd1 Ng2 70. Nb4 Nf4 71. Kc2
Ke2 72. Kc1 Nd3+ 0-1

[Event "Quebec op"]
[Site "Montreal CAN"]
[Date "2003.07.12"]
[Round "1"]
[White "Roussel-Roozmon, Thomas"]
[Black "Gilman, Arkadiy"]
[Result "1/2-1/2"]
[WhiteElo "2355"]
[BlackElo "2125"]
[PlyCount "83"]
[EventDate "2003.07.12"]
[EventType "swiss"]
[EventRounds "9"]
[EventCountry "CAN"]

1. d4 d5 2. c4 c6 3. Nf3 Nf6 4. Nc3 a6 5. e3 b5 6. b3 Bg4 7. Be2 e6 8. O-O Nbd7
9. Bb2 Bd6 10. h3 Bh5 11. Ne5 Bxe2 12. Nxe2 Rc8 13. cxd5 cxd5 14. a4 O-O 15.
axb5 axb5 16. Ra7 Rc7 17. Qa1 Qb8 18. Rxc7 Qxc7 19. Qa6 Qb6 20. Ra1 Rb8 21.
Qxb6 Nxb6 22. Ra7 Nc8 23. Ra6 Kf8 24. f3 Ke8 25. Nf4 Rb6 26. Ra8 Rb8 27. Ra6
Rb6 28. Ra5 Nd7 29. Nfd3 f6 30. Nxd7 Kxd7 31. Kf2 Rb7 32. Ke2 Kc6 33. Ra8 Rb8
34. Ra6+ Rb6 35. Ra1 Rb7 36. Ra8 Rb8 37. Ra6+ Rb6 38. Ra1 Rb7 39. Bc3 Ra7 40.
Ba5 Kd7 41. Kd2 Ne7 42. Bc3 1/2-1/2

[Event "Quebec op"]
[Site "Montreal CAN"]
[Date "2003.07.13"]
[Round "2"]
[White "Bolduc, Steve"]
[Black "Roussel-Roozmon, Thomas"]
[Result "0-1"]
[WhiteElo "2275"]
[BlackElo "2355"]
[PlyCount "34"]
[EventDate "2003.07.12"]
[EventType "swiss"]
[EventRounds "9"]
[EventCountry "CAN"]

1. d4 Nf6 2. c4 e6 3. Nf3 b6 4. a3 Bb7 5. Nc3 d5 6. cxd5 Nxd5 7. e3 Nxc3 8.
bxc3 Be7 9. Bb5+ c6 10. Bd3 O-O 11. Qc2 h6 12. Ne5 c5 13. O-O Nc6 14. f4 cxd4
15. cxd4 Nxd4 16. exd4 Qxd4+ 17. Qf2 Bc5 0-1

[Event "Quebec op"]
[Site "Montreal CAN"]
[Date "2003.07.13"]
[Round "3"]
[White "Roussel-Roozmon, Thomas"]
[Black "Luksza, Arkadiusz"]
[Result "1-0"]
[WhiteElo "2355"]
[BlackElo "2211"]
[PlyCount "65"]
[EventDate "2003.07.12"]
[EventType "swiss"]
[EventRounds "9"]
[EventCountry "CAN"]

1. d4 g6 2. c4 Bg7 3. e4 d6 4. Nc3 Nf6 5. f3 O-O 6. Be3 e5 7. d5 Nbd7 8. Qd2 a6
9. Bd3 Rb8 10. Nge2 Nc5 11. Bc2 a5 12. O-O Ra8 13. a3 Bd7 14. b4 Na6 15. Rab1
axb4 16. axb4 b6 17. Nc1 Nh5 18. Nd3 f5 19. c5 bxc5 20. bxc5 f4 21. Bf2 g5 22.
c6 Bc8 23. Qe2 Nc5 24. Nxc5 dxc5 25. Bxc5 Rf6 26. Ra1 Rxa1 27. Rxa1 Bf8 28. Bf2
Be7 29. Ra8 Kg7 30. Nb5 Rf8 31. Na7 Ba6 32. Rxd8 Bxe2 33. Rd7 1-0

[Event "Quebec op"]
[Site "Montreal CAN"]
[Date "2003.07.14"]
[Round "4"]
[White "Mikhalevski, Alexander"]
[Black "Roussel-Roozmon, Thomas"]
[Result "1/2-1/2"]
[WhiteElo "2439"]
[BlackElo "2355"]
[PlyCount "128"]
[EventDate "2003.07.12"]
[EventType "swiss"]
[EventRounds "9"]
[EventCountry "CAN"]

1. d4 Nf6 2. c4 e6 3. Nf3 b6 4. Nc3 Bb7 5. a3 d5 6. Bg5 Be7 7. Qa4+ Qd7 8. Qb3
dxc4 9. Qxc4 O-O 10. e3 Rc8 11. Be2 c5 12. O-O Ba6 13. Qa2 Bxe2 14. Nxe2 Ne4
15. Bxe7 Qxe7 16. dxc5 Rxc5 17. b4 Rc8 18. Rac1 Nd7 19. Ned4 Rxc1 20. Rxc1 Ndf6
21. Ne5 Nd5 22. Qc2 Nd6 23. e4 Nf4 24. g3 Ng6 25. Nxg6 hxg6 26. e5 Nf5 27. Nc6
Qc7 28. b5 Ne7 29. Qe4 Nd5 30. Rc4 Qb7 31. Nb4 Rd8 32. Nc6 Ra8 33. Nb4 Rd8 34.
Rd4 Rd7 35. Qd3 Qa8 36. Qd2 Qc8 37. Nxd5 Rxd5 38. Rxd5 exd5 39. Qxd5 Qc1+ 40.
Kg2 Qxa3 41. e6 fxe6 42. Qxe6+ Kh7 43. Qh3+ Kg8 44. Qc8+ Kh7 45. Qc4 Qd6 46.
Qh4+ Kg8 47. Qe4 Kh7 48. h4 Qd7 49. Qc4 Qf5 50. g4 Qd7 51. Kg3 Qd6+ 52. Kh3 Qd7
53. Kg2 Qd8 54. g5 Qd7 55. Kf3 Qf5+ 56. Ke3 Qe5+ 57. Kd2 Qb2+ 58. Ke3 Qe5+ 59.
Kf3 Qf5+ 60. Kg2 Qd7 61. Qe2 Qd5+ 62. Kg3 Qb3+ 63. f3 Qd5 64. f4 Qh1 1/2-1/2

[Event "Quebec op"]
[Site "Montreal CAN"]
[Date "2003.07.16"]
[Round "6"]
[White "Mikanovic, Goran"]
[Black "Roussel-Roozmon, Thomas"]
[Result "1/2-1/2"]
[WhiteElo "2298"]
[BlackElo "2355"]
[PlyCount "76"]
[EventDate "2003.07.12"]
[EventType "swiss"]
[EventRounds "9"]
[EventCountry "CAN"]

1. d4 Nf6 2. c4 e6 3. Nc3 Bb4 4. Qc2 O-O 5. a3 Bxc3+ 6. Qxc3 b6 7. Bg5 Bb7 8.
f3 h6 9. Bh4 d5 10. e3 Nbd7 11. cxd5 Nxd5 12. Bxd8 Nxc3 13. Bh4 Nd5 14. Bf2 c5
15. e4 Ne7 16. Bb5 Bc6 17. Bxc6 Nxc6 18. Ne2 cxd4 19. Nxd4 Nxd4 20. Bxd4 Rac8
21. O-O e5 22. Bc3 f6 23. Rad1 Nc5 24. Rd5 Na4 25. Bb4 Rf7 26. b3 Nc3 27. Rd2
a5 28. Bxc3 Rxc3 29. Rb1 Rfc7 30. Kf2 Kf7 31. Ke2 b5 32. Rbb2 b4 33. axb4 axb4
34. Rd6 R3c6 35. Rbd2 Rxd6 36. Rxd6 Rc2+ 37. Rd2 Rc3 38. Rd3 Rc2+ 1/2-1/2

[Event "Quebec op"]
[Site "Montreal CAN"]
[Date "2003.07.17"]
[Round "7"]
[White "Roussel-Roozmon, Thomas"]
[Black "Trinh, Tri Bao"]
[Result "1-0"]
[WhiteElo "2355"]
[BlackElo "2020"]
[PlyCount "49"]
[EventDate "2003.07.12"]
[EventType "swiss"]
[EventRounds "9"]
[EventCountry "CAN"]

1. d4 d5 2. c4 e6 3. Nf3 Be7 4. g3 Nf6 5. Bg2 O-O 6. O-O Nbd7 7. Qc2 b6 8. cxd5
exd5 9. Bf4 c5 10. Nc3 Bb7 11. dxc5 bxc5 12. Ne5 Nb6 13. Rfd1 Qc8 14. Na4 Nh5
15. Nxb6 axb6 16. Bxd5 Bxd5 17. Rxd5 Nxf4 18. gxf4 Qe6 19. Qb3 b5 20. a3 Rfb8
21. Rad1 g6 22. Kh1 Bh4 23. Qf3 b4 24. f5 Qe7 25. Nc6 1-0

[Event "Quebec op"]
[Site "Montreal CAN"]
[Date "2003.07.18"]
[Round "8"]
[White "Roussel-Roozmon, Thomas"]
[Black "Bachand-Fleurent, Julien"]
[Result "1-0"]
[WhiteElo "2355"]
[BlackElo "2060"]
[PlyCount "63"]
[EventDate "2003.07.12"]
[EventType "swiss"]
[EventRounds "9"]
[EventCountry "CAN"]

1. d4 d5 2. c4 c6 3. Nf3 e6 4. e3 Nf6 5. Nc3 Nbd7 6. Bd3 Be7 7. O-O dxc4 8.
Bxc4 Nb6 9. Bd3 Nbd5 10. e4 Nb4 11. Be2 c5 12. a3 cxd4 13. Nxd4 Nc6 14. Nxc6
Qxd1 15. Rxd1 bxc6 16. Be3 O-O 17. f3 a5 18. Na4 Ba6 19. Bxa6 Rxa6 20. Rdc1 Nd7
21. Rc2 f5 22. Rd1 Nf6 23. exf5 Nd5 24. Bc5 exf5 25. Rxd5 cxd5 26. Bxe7 Re8 27.
Bc5 Rc6 28. Rd2 Rd8 29. Bb6 Re8 30. Bxa5 d4 31. Rxd4 Rc2 32. Bc3 1-0

[Event "Quebec op"]
[Site "Montreal CAN"]
[Date "2003.07.19"]
[Round "9"]
[White "Beaulieu, Eric"]
[Black "Roussel-Roozmon, Thomas"]
[Result "0-1"]
[WhiteElo "2232"]
[BlackElo "2355"]
[PlyCount "78"]
[EventDate "2003.07.12"]
[EventType "swiss"]
[EventRounds "9"]
[EventCountry "CAN"]

1. d4 Nf6 2. c4 e6 3. Nc3 Bb4 4. Qc2 O-O 5. a3 Bxc3+ 6. Qxc3 b6 7. Bg5 Ba6 8.
Qf3 Nc6 9. e3 Bb7 10. Qf4 d6 11. Bd3 Ne5 12. dxe5 dxe5 13. Qxe5 Qxd3 14. Rd1
Qg6 15. f3 Ng4 16. Qf4 f5 17. Nh3 h6 18. Be7 Rf7 19. Qxc7 Nxe3 20. Qxb7 Qxg2
21. Qxa8+ Kh7 22. Nf2 Nxd1 23. Kxd1 Qxf2 24. Qb7 Rxe7 25. Qxe7 Qxf3+ 26. Kd2
Qxh1 27. Qxe6 Qxh2+ 28. Kc3 Qg3+ 29. Kd4 Qf2+ 30. Kc3 Qf3+ 31. Kd2 Qf2+ 32. Kc3
Qf3+ 33. Kd2 Qe4 34. Qf7 f4 35. b4 f3 36. Kc3 Qe3+ 37. Kc2 Qe4+ 38. Kb3 Qd3+
39. Ka4 a6 0-1

[Event "Quebec-ch inv."]
[Site "Montreal CAN"]
[Date "2003.06.27"]
[Round "2"]
[White "Roussel-Roozmon, Thomas"]
[Black "Voskanyan, Vahagn"]
[Result "1-0"]
[WhiteElo "2244"]
[BlackElo "2314"]
[PlyCount "75"]
[EventDate "2003.06.26"]
[EventType "tourn"]
[EventRounds "9"]
[EventCountry "CAN"]

1. d4 Nf6 2. c4 e6 3. g3 d5 4. Bg2 c6 5. Nf3 Nbd7 6. Qc2 Be7 7. O-O Ne4 8. b3
O-O 9. Nbd2 f5 10. Bb2 Qe8 11. Ne1 Ndf6 12. Ndf3 Qh5 13. Nd3 g5 14. Nfe5 Nd7
15. f3 Nef6 16. Rae1 Nxe5 17. Nxe5 Nd7 18. Nd3 Qg6 19. e4 fxe4 20. fxe4 Rxf1+
21. Kxf1 dxc4 22. bxc4 e5 23. d5 Bf6 24. Kg1 c5 25. Rf1 Qg7 26. Qf2 b6 27. Qf5
Ba6 28. Qe6+ Kh8 29. Rxf6 Nxf6 30. Nxe5 Rf8 31. Ng4 Bc8 32. Qxc8 Rxc8 33. Bxf6
b5 34. e5 b4 35. d6 a5 36. e6 a4 37. d7 Rg8 38. e7 1-0

[Event "Quebec-ch inv."]
[Site "Montreal CAN"]
[Date "2003.06.28"]
[Round "3"]
[White "Pruess, David"]
[Black "Roussel-Roozmon, Thomas"]
[Result "1-0"]
[WhiteElo "2331"]
[BlackElo "2244"]
[PlyCount "109"]
[EventDate "2003.06.26"]
[EventType "tourn"]
[EventRounds "9"]
[EventCountry "CAN"]

1. d4 c5 2. d5 e5 3. Nc3 d6 4. e4 a6 5. f4 exf4 6. Bxf4 Ne7 7. Be2 Ng6 8. Bg3
Be7 9. Nf3 Bg4 10. e5 Bxf3 11. exd6 Bxg2 12. dxe7 Qxe7 13. Rg1 Bf3 14. Qd2 Bxe2
15. Nxe2 O-O 16. O-O-O Nd7 17. d6 Qe6 18. Kb1 Rad8 19. Nf4 Nxf4 20. Bxf4 f6 21.
Qg2 g6 22. Qxb7 Rb8 23. Rge1 Qxa2+ 24. Kxa2 Rxb7 25. Re7 Rf7 26. Rde1 g5 27.
Bd2 Nb6 28. Ba5 Nd7 29. Bc7 Nf8 30. Kb1 Ra7 31. Kc1 Ra8 32. Kd2 f5 33. R1e5 h6
34. Rxf7 Kxf7 35. Rxf5+ Ke6 36. Rxc5 Kd7 37. Rf5 Ne6 38. Rf7+ Kc6 39. Rh7 Rf8
40. Rxh6 Nxc7 41. dxc7+ Kxc7 42. Rxa6 Rf2+ 43. Kc3 Rxh2 44. Rg6 Rg2 45. b4 g4
46. Kb3 g3 47. c4 Rg1 48. Ka4 g2 49. Kb5 Kd7 50. c5 Kc7 51. Rg7+ Kd8 52. c6 Rc1
53. Rxg2 Kc7 54. Rg7+ Kd6 55. Rd7+ 1-0

[Event "Quebec-ch inv."]
[Site "Montreal CAN"]
[Date "2003.06.29"]
[Round "4"]
[White "Roussel-Roozmon, Thomas"]
[Black "Maly, Alexey"]
[Result "1/2-1/2"]
[WhiteElo "2244"]
[BlackElo "2366"]
[PlyCount "152"]
[EventDate "2003.06.26"]
[EventType "tourn"]
[EventRounds "9"]
[EventCountry "CAN"]

1. Nf3 Nf6 2. c4 c5 3. Nc3 d5 4. cxd5 Nxd5 5. d4 cxd4 6. Qxd4 Nxc3 7. Qxc3 Nc6
8. e4 e6 9. a3 Bd7 10. Be2 Rc8 11. O-O Na5 12. Qd3 Ba4 13. Qxd8+ Rxd8 14. Be3
Nc6 15. b3 Bxb3 16. Rfb1 Ba4 17. Rxb7 Bd6 18. Bxa7 Rd7 19. Rxd7 Kxd7 20. Bd1
Bxd1 21. Rxd1 Ke7 22. Bd4 Nxd4 23. Nxd4 Bxa3 24. Nc6+ Kf6 25. Rd3 Rc8 26. Rf3+
Kg5 27. Rxa3 Rxc6 28. g3 Rc4 29. Rf3 Kg6 30. Re3 Kf6 31. Kg2 Ke5 32. Kf3 Kd4
33. Re1 Rc3+ 34. Kf4 e5+ 35. Kg4 Rc2 36. Kf3 Rc3+ 37. Kg2 g5 38. Ra1 Kxe4 39.
Ra7 f5 40. Rxh7 f4 41. gxf4 gxf4 42. Ra7 Rc8 43. Ra4+ Kf5 44. h3 Rc5 45. Ra8 e4
46. Rf8+ Ke5 47. h4 Rc2 48. h5 Rc7 49. Kh3 Rg7 50. Re8+ Kf5 51. Rf8+ Kg5 52.
Re8 Kf5 53. Rf8+ Ke5 54. Re8+ Kd4 55. Rf8 f3 56. Rd8+ Ke5 57. Re8+ Kf5 58. Rf8+
Kg5 59. Re8 Kf5 60. Rf8+ Ke5 61. Re8+ Kd4 62. Rd8+ Kc3 63. Rd6 Rg1 64. h6 e3
65. fxe3 f2 66. Rf6 f1=Q+ 67. Rxf1 Rxf1 68. Kg4 Kc4 69. Kg5 Kd5 70. h7 Rh1 71.
Kg6 Ke6 72. Kg7 Rg1+ 73. Kf8 Rf1+ 74. Kg7 Rg1+ 75. Kf8 Rf1+ 76. Kg7 Rg1+
1/2-1/2

[Event "Quebec-ch inv."]
[Site "Montreal CAN"]
[Date "2003.06.30"]
[Round "5"]
[White "Hua, Lefong"]
[Black "Roussel-Roozmon, Thomas"]
[Result "1/2-1/2"]
[WhiteElo "2267"]
[BlackElo "2244"]
[PlyCount "117"]
[EventDate "2003.06.26"]
[EventType "tourn"]
[EventRounds "9"]
[EventCountry "CAN"]

1. d4 Nf6 2. c4 e6 3. Nc3 Bb4 4. e3 b6 5. Nge2 c5 6. a3 Ba5 7. Rb1 Na6 8. Qa4
Bb7 9. Bd2 Bc6 10. Qc2 O-O 11. Ng3 Bb7 12. Be2 d5 13. cxd5 cxd4 14. exd4 Bxc3
15. bxc3 Qxd5 16. Bf3 Qd7 17. Bxb7 Qxb7 18. O-O Rac8 19. Qd3 Nb8 20. Rfe1 Qa6
21. Qxa6 Nxa6 22. a4 Nb8 23. a5 bxa5 24. Ra1 Nc6 25. Bg5 Nd5 26. Rec1 f5 27.
Ne2 h6 28. Bd2 Rfd8 29. h4 Nb6 30. Bf4 a4 31. Re1 Kf7 32. Nc1 Na5 33. Ra2 Nac4
34. Nd3 a3 35. Nc5 Rc6 36. Bc1 Nd5 37. Bxa3 Nxc3 38. Rc2 Nxa3 39. Rxc3 Rxd4 40.
Rxa3 Rxc5 41. Rxa7+ Kf6 42. Ra6 Re5 43. Rxe5 Kxe5 44. g3 f4 45. Kg2 fxg3 46.
Kxg3 Kf5 47. f3 e5 48. Ra5 Rd8 49. Rb5 Rg8 50. f4 Re8 51. Kf3 Kf6 52. Ke4 exf4+
53. Kxf4 Kg6 54. h5+ Kf6 55. Rb6+ Re6 56. Rxe6+ Kxe6 57. Ke4 Ke7 58. Ke5 Ke8
59. Ke4 1/2-1/2

[Event "Quebec-ch inv."]
[Site "Montreal CAN"]
[Date "2003.07.03"]
[Round "7"]
[White "Feoktistov, Dmitri"]
[Black "Roussel-Roozmon, Thomas"]
[Result "0-1"]
[WhiteElo "2125"]
[BlackElo "2244"]
[PlyCount "100"]
[EventDate "2003.06.26"]
[EventType "tourn"]
[EventRounds "9"]
[EventCountry "CAN"]

1. d4 Nf6 2. Bg5 e6 3. e4 h6 4. Bxf6 Qxf6 5. Nf3 d6 6. Nc3 Qe7 7. Be2 g6 8. O-O
Bg7 9. Na4 O-O 10. c4 c5 11. Rb1 Nc6 12. d5 exd5 13. cxd5 Nd4 14. Nc3 a6 15. a4
f5 16. Nd2 fxe4 17. Ndxe4 Bf5 18. f3 b5 19. axb5 axb5 20. Bxb5 Bxe4 21. fxe4
Nxb5 22. Nxb5 Rxf1+ 23. Qxf1 Qxe4 24. Nxd6 Qxd5 25. Qc4 Qxc4 26. Nxc4 Bd4+ 27.
Kh1 Kf7 28. Rf1+ Ke6 29. Re1+ Kf5 30. g3 Rb8 31. Kg2 Rb4 32. Nd6+ Kg4 33. h3+
Kh5 34. h4 g5 35. hxg5 hxg5 36. Kf3 g4+ 37. Ke2 Rxb2+ 38. Kd3 Rb3+ 39. Ke4 Rxg3
40. Nf5 Rf3 41. Nxd4 cxd4 42. Kxd4 g3 43. Re8 Kg4 44. Rg8+ Kh3 45. Ke4 Rf7 46.
Ke3 Kh2 47. Ke2 g2 48. Rh8+ Kg1 49. Rh6 Re7+ 50. Kd2 Re5 0-1

[Event "Quebec-ch inv."]
[Site "Montreal CAN"]
[Date "2003.07.04"]
[Round "8"]
[White "Roussel-Roozmon, Thomas"]
[Black "Schleifer, Michael"]
[Result "0-1"]
[WhiteElo "2244"]
[BlackElo "2356"]
[PlyCount "62"]
[EventDate "2003.06.26"]
[EventType "tourn"]
[EventRounds "9"]
[EventCountry "CAN"]

1. Nf3 Nf6 2. c4 b6 3. g3 Bb7 4. Bg2 g6 5. O-O Bg7 6. Nc3 O-O 7. d4 Ne4 8. Qc2
Nxc3 9. Qxc3 c5 10. Be3 d6 11. Qd2 Nd7 12. Rac1 Re8 13. Rfd1 Nf6 14. h3 Be4 15.
b3 Qc8 16. Bg5 Bf5 17. g4 Be4 18. Qf4 Bb7 19. Bh6 Bh8 20. d5 b5 21. e4 bxc4 22.
bxc4 Nd7 23. Ng5 Ne5 24. Qg3 Ba6 25. Bf1 Rb8 26. f4 Nd7 27. Bd3 Rb2 28. Rf1 Qb8
29. Rce1 Bd4+ 30. Kh1 Qb4 31. Qh4 Bf2 0-1

[Event "Quebec-ch inv."]
[Site "Montreal CAN"]
[Date "2003.07.05"]
[Round "9"]
[White "Duong, Thanh Nha"]
[Black "Roussel-Roozmon, Thomas"]
[Result "1/2-1/2"]
[WhiteElo "2314"]
[BlackElo "2244"]
[PlyCount "72"]
[EventDate "2003.06.26"]
[EventType "tourn"]
[EventRounds "9"]
[EventCountry "CAN"]

1. d4 Nf6 2. Nf3 e6 3. Bg5 h6 4. Bh4 b6 5. e3 c5 6. Bd3 Be7 7. O-O Bb7 8. c4
cxd4 9. exd4 O-O 10. Nc3 d6 11. Re1 Nbd7 12. Qe2 Re8 13. Rad1 Rc8 14. Nd2 d5
15. Bg3 dxc4 16. Nxc4 Ba6 17. Nd6 Bxd3 18. Rxd3 Bxd6 19. Bxd6 Nf8 20. Be5 Nd5
21. Ne4 Rc6 22. a3 Qe7 23. Qh5 Rd8 24. h4 f6 25. Bh2 Qf7 26. Qf3 Ng6 27. Bg3
Nge7 28. Nc3 Nf5 29. Kh2 Qd7 30. Red1 Nxg3 31. Qxg3 Qd6 32. Nxd5 Qxg3+ 33. Kxg3
Rxd5 34. Kf3 Kf7 35. Ke3 Ke7 36. g4 h5 1/2-1/2

[Event "Quebec-ch U20"]
[Site "Montreal CAN"]
[Date "2003.05.09"]
[Round "1"]
[White "Roussel-Roozmon, Thomas"]
[Black "Feoktistov, Dmitri"]
[Result "1-0"]
[WhiteElo "2339"]
[BlackElo "2304"]
[PlyCount "129"]
[EventDate "2003.05.09"]
[EventType "tourn"]
[EventRounds "5"]
[EventCountry "CAN"]

1. d4 Nf6 2. c4 e6 3. g3 d5 4. Bg2 Be7 5. Nf3 O-O 6. O-O b6 7. Ne5 Bb7 8. Nc3
Nbd7 9. Qa4 Nxe5 10. dxe5 Ne8 11. cxd5 exd5 12. Rd1 c6 13. e4 Nc7 14. exd5 Nxd5
15. Nxd5 cxd5 16. Qb3 Qc7 17. Bxd5 Bxd5 18. Rxd5 Rad8 19. Bf4 Rxd5 20. Qxd5 Rd8
21. Qe4 Qd7 22. Rc1 Rc8 23. Rxc8+ Qxc8 24. Be3 h6 25. Kg2 Bf8 26. Qd5 Qe8 27.
h4 Qc8 28. Bd4 Qg4 29. Be3 Qc8 30. a4 Bb4 31. Qb5 Bf8 32. Kh2 Qg4 33. a5 bxa5
34. Qxa5 Qe2 35. Qd2 Qb5 36. Bxa7 Qxe5 37. Qd4 Qe7 38. Bb6 Kh7 39. Ba5 Qb7 40.
Qb6 Qe4 41. Bc3 Qc2 42. Bd4 Qc4 43. b3 Qd5 44. b4 Bd6 45. b5 f5 46. Be3 f4 47.
Bxf4 Bxf4 48. gxf4 Qf5 49. Kg3 Qd3+ 50. f3 Qb1 51. Qc5 Qe1+ 52. Qf2 Qe6 53. b6
Qg6+ 54. Kh2 Qf5 55. Qd4 Qc2+ 56. Kg3 Qg6+ 57. Kf2 Qc2+ 58. Ke3 Qc1+ 59. Ke2
Qc2+ 60. Qd2 Qc8 61. Qd3+ Kh8 62. Qb3 Qb7 63. Qe6 Qa6+ 64. Kf2 Qa2+ 65. Qxa2
1-0

[Event "Quebec-ch U20"]
[Site "Montreal CAN"]
[Date "2003.05.10"]
[Round "2"]
[White "Roussel-Roozmon, Thomas"]
[Black "Audet-Bouchard, Nicolas"]
[Result "1-0"]
[WhiteElo "2339"]
[BlackElo "2098"]
[PlyCount "77"]
[EventDate "2003.05.09"]
[EventType "tourn"]
[EventRounds "5"]
[EventCountry "CAN"]

1. d4 Nf6 2. c4 e6 3. g3 c5 4. Nf3 cxd4 5. Nxd4 Nc6 6. Bg2 Qb6 7. Nb3 Bb4+ 8.
Bd2 a5 9. O-O a4 10. Be3 Qa6 11. Nc5 Qxc4 12. b3 Qb5 13. Nxa4 Qe5 14. Nd2 b5
15. Nb6 Bb7 16. Nxa8 Bxa8 17. Nf3 Qh5 18. a3 Bc3 19. Ra2 Ng4 20. Bd2 Nce5 21.
h3 Bxd2 22. Nxe5 Bxg2 23. Kxg2 Nxe5 24. Rxd2 O-O 25. f4 Ng6 26. Rxd7 Qc5 27.
Qc1 Qf5 28. Qe3 e5 29. Qd3 e4 30. Qd5 Qxd5 31. Rxd5 Rb8 32. Rfd1 Nf8 33. Rd8
Rb7 34. Rc8 f5 35. Rdd8 Rf7 36. a4 bxa4 37. bxa4 g6 38. a5 Kg7 39. Rxf8 1-0

[Event "Quebec-ch U20"]
[Site "Montreal CAN"]
[Date "2003.05.10"]
[Round "3"]
[White "Lawson, Eric"]
[Black "Roussel-Roozmon, Thomas"]
[Result "1-0"]
[WhiteElo "2335"]
[BlackElo "2339"]
[PlyCount "77"]
[EventDate "2003.05.09"]
[EventType "tourn"]
[EventRounds "5"]
[EventCountry "CAN"]

1. d4 c5 2. d5 Nf6 3. c4 b5 4. cxb5 a6 5. bxa6 g6 6. Nc3 Bxa6 7. g3 d6 8. Bg2
Bg7 9. Nf3 Nbd7 10. O-O O-O 11. Rb1 Qa5 12. Qc2 Rfb8 13. Bd2 Ne8 14. Rfd1 Nc7
15. a4 Qb6 16. b3 Qa7 17. e4 Rb7 18. Rdc1 Rab8 19. Na2 Be2 20. Be3 Qa6 21. Bf1
Bxf1 22. Rxf1 Nb6 23. Rfc1 Ne8 24. Bd2 Nf6 25. Kg2 Nfd7 26. a5 Na8 27. b4 Nc7
28. bxc5 Rxb1 29. Rxb1 Rxb1 30. Qxb1 dxc5 31. Nc1 c4 32. Qb4 e6 33. Qe7 Qc8 34.
Ng5 Qe8 35. Qxe8+ Nxe8 36. dxe6 fxe6 37. Nxe6 c3 38. Be3 Bh8 39. a6 1-0

[Event "Quebec-ch U20"]
[Site "Montreal CAN"]
[Date "2003.05.11"]
[Round "4"]
[White "Roussel-Roozmon, Thomas"]
[Black "Tomb, Maroun"]
[Result "1/2-1/2"]
[WhiteElo "2339"]
[BlackElo "2104"]
[PlyCount "106"]
[EventDate "2003.05.09"]
[EventType "tourn"]
[EventRounds "5"]
[EventCountry "CAN"]

1. d4 Nc6 2. e4 e5 3. dxe5 Nxe5 4. Nf3 Bb4+ 5. c3 Nxf3+ 6. Qxf3 Bc5 7. Bc4 Qf6
8. Qxf6 Nxf6 9. f3 d6 10. Bg5 Be6 11. Nd2 Nd7 12. Bf4 a6 13. a4 O-O 14. O-O-O
Bxc4 15. Nxc4 b5 16. axb5 axb5 17. Ne3 Nb6 18. Kb1 Bxe3 19. Bxe3 Nc4 20. Bf4 f5
21. exf5 Rxf5 22. Bg3 b4 23. cxb4 Rb5 24. Be1 Ne3 25. Rc1 Nd5 26. Bd2 Rab8 27.
Rc6 R8b7 28. Rhc1 Kf7 29. R1c4 Ke6 30. Rh4 h6 31. Rg4 g5 32. h4 Nxb4 33. Bxb4
Rxb4 34. Rxb4 Rxb4 35. hxg5 Kd7 36. Rc1 hxg5 37. Rh1 Rh4 38. Re1 c5 39. Kc2 Kc6
40. Re4 Kd5 41. Re2 Rc4+ 42. Kd3 Rd4+ 43. Kc3 Rf4 44. Rd2+ Ke5 45. Re2+ Kd5 46.
Rd2+ Kc6 47. Rf2 d5 48. g3 Rb4 49. f4 d4+ 50. Kc2 gxf4 51. gxf4 c4 52. f5 Kd5
53. f6 Rb8 1/2-1/2

[Event "Quebec-ch U20"]
[Site "Montreal CAN"]
[Date "2003.05.11"]
[Round "5"]
[White "Laframboise, Marc-Andre"]
[Black "Roussel-Roozmon, Thomas"]
[Result "0-1"]
[WhiteElo "2115"]
[BlackElo "2339"]
[PlyCount "59"]
[EventDate "2003.05.09"]
[EventType "tourn"]
[EventRounds "5"]
[EventCountry "CAN"]

1. d4 Nf6 2. c4 e6 3. Nc3 Bb4 4. e3 b6 5. Nge2 Ne4 6. Qc2 Bb7 7. a3 Bxc3+ 8.
Nxc3 Nxc3 9. Qxc3 d6 10. b3 O-O 11. Bb2 f5 12. O-O-O Nd7 13. f3 Qe7 14. Bd3 c5
15. Rhe1 cxd4 16. exd4 d5 17. Kb1 Rac8 18. Re2 Qf7 19. Rde1 Rfe8 20. Qd2 a5 21.
Qf4 a4 22. cxd5 Bxd5 23. bxa4 Nf6 24. g4 g6 25. h4 Qc7 26. Qg5 Kf7 27. h5 Qg3
28. Bb5 Rg8 29. h6 Qxf3 30. gxf5 0-1

[Event "Futurity III"]
[Site "Montreal CAN"]
[Date "2003.04.18"]
[Round "3"]
[White "Roussel-Roozmon, Thomas"]
[Black "Quan Zhe"]
[Result "1-0"]
[WhiteElo "2247"]
[BlackElo "2610"]
[PlyCount "93"]
[EventDate "2003.04.16"]
[EventType "tourn"]
[EventRounds "9"]
[EventCountry "CAN"]

1. d4 c5 2. d5 d6 3. e4 e5 4. Nc3 a6 5. a4 Nd7 6. Nf3 g6 7. Be2 Bg7 8. Nd2 Ne7
9. Nc4 Qc7 10. h4 h6 11. a5 O-O 12. h5 g5 13. Bg4 Rb8 14. Qe2 f5 15. Bxf5 Nxf5
16. exf5 Rxf5 17. Ne4 Bf8 18. Ne3 Rf7 19. Ng4 c4 20. Bxg5 hxg5 21. Nxg5 Nc5 22.
Nxf7 Qxf7 23. Qxc4 Qf4 24. Qxf4 exf4 25. f3 Bxg4 26. fxg4 Re8+ 27. Kf2 Re3 28.
Rhe1 Ne4+ 29. Kg1 Be7 30. Rxe3 fxe3 31. Kf1 Bh4 32. Ke2 Bg5 33. Ra3 Ng3+ 34.
Ke1 Ne4 35. Rb3 Nc5 36. Rb6 Bd8 37. Rxd6 Bxa5+ 38. Ke2 Bd2 39. g5 Ne4 40. Rd8+
Kf7 41. g6+ Kf6 42. Rf8+ Kg7 43. Rf7+ Kg8 44. h6 Ng3+ 45. Kd1 Bb4 46. c3 e2+
47. Ke1 1-0

[Event "Futurity III"]
[Site "Montreal CAN"]
[Date "2003.04.19"]
[Round "4"]
[White "Voskanyan, Vahagn"]
[Black "Roussel-Roozmon, Thomas"]
[Result "0-1"]
[WhiteElo "2303"]
[BlackElo "2247"]
[PlyCount "104"]
[EventDate "2003.04.16"]
[EventType "tourn"]
[EventRounds "9"]
[EventCountry "CAN"]

1. e4 c5 2. Nf3 Nc6 3. d4 cxd4 4. Nxd4 e6 5. Nb5 d6 6. c4 Nf6 7. N1c3 a6 8. Na3
Be7 9. Be2 O-O 10. O-O b6 11. f4 Bb7 12. Bf3 Rc8 13. Kh1 Na5 14. Qe1 Nxc4 15.
e5 Nd5 16. Nxd5 Bxd5 17. Bxd5 exd5 18. e6 f5 19. b3 Nxa3 20. Bxa3 Bf6 21. Rd1
d4 22. Qe2 Re8 23. Rfe1 b5 24. Bb2 Qb6 25. Qd3 g6 26. h3 Kf8 27. Kh2 Qc5 28.
Re2 Qd5 29. Rde1 Re7 30. a4 bxa4 31. Qxa6 Ra8 32. Qc4 Qxc4 33. bxc4 a3 34. Ba1
Rc7 35. e7+ Rxe7 36. Rxe7 Bxe7 37. Bxd4 Kf7 38. Kg3 Bf6 39. Ba1 a2 40. Kf3 Bxa1
41. Rxa1 Ke6 42. Ke3 d5 43. c5 Kd7 44. Kd4 Kc6 45. g4 Ra4+ 46. Ke5 fxg4 47.
hxg4 Re4+ 48. Kf6 Rxf4+ 49. Kg7 Ra4 50. Kxh7 Kxc5 51. g5 Kb4 52. Kxg6 Kb3 0-1